Spolupráca Číny so strednou Európou. Efektivita platformy V4 - Čína v porovnaní s mechanizmom 16+1 bakalárska práca
Saved in:
| Main Author: | |
|---|---|
| Corporate Author: | |
| Other Authors: | |
| Format: | Book |
| Language: | Slovak |
| Published: |
Bratislava
2016
|
| Tags: |
No Tags, Be the first to tag this record!
|
MARC
| LEADER | 00000nbm a2200000 4500 | ||
|---|---|---|---|
| 001 | 0218189 | ||
| 005 | 20170131125349.8 | ||
| 041 | 0 | |a slo | |
| 044 | |a SK | ||
| 245 | 1 | 0 | |a Spolupráca Číny so strednou Európou. Efektivita platformy V4 - Čína v porovnaní s mechanizmom 16+1 |b bakalárska práca |c Marcela Senková ; školiteľ: Gabriela Pleschová |
| 264 | 1 | |a Bratislava |c 2016 | |
| 300 | |a 51 s. | ||
| 100 | 1 | |a Senková, Marcela | |
| 700 | 1 | |a Pleschová, Gabriela | |
| 710 | 2 | |a Fakulta medzinárodných vzťahov EU. Katedra medzinárodných politických vzťahov | |